| 000 | 01481nam a2200325 a 4500 | ||
|---|---|---|---|
| 001 | BRCA_3271 | ||
| 005 | 20190320204210.0 | ||
| 008 | 130309s1840----enka---###---#000-0#eng-# | ||
| 041 | _aeng | ||
| 044 | _aenk | ||
| 084 |
_a572 _b.T46 _c1840 |
||
| 100 | 1 |
_aCervantes Saavedra, Miguel de _d1547-1616 _9213 |
|
| 245 | 1 | 0 |
_aDon Quixote de la Mancha _cTranslated from the Spanish of Miguel de Cervantes Saavedra by Charles Jarvis. |
| 260 |
_aLondres _bJoseph Thomas and Co. _c1840 |
||
| 300 |
_a3 v. _bil. _c26 cm. |
||
| 500 | _aContenido : v.1. Primera parte. Noticia sobre Cervantes y su obra, basada en la escrita por L. Viardot. Prólogo del autor. -- v.2. Texto. Segunda parte. Prólogo de Cervantes. -- v.3. Texto | ||
| 500 | _aEdición : Carefully Revised and Corrected with 800 Illustrations from Desingns by Tony Johannot | ||
| 500 | _aReimpresión de la edición descrita en el número anterior [571]. Tela; lomeras decoradas con dorados Lúdovik Osterc | ||
| 500 | _aQM830 | ||
| 546 | _aTexto en : inglés | ||
| 650 | 1 | 4 |
_aNovela española _yÉpoca clásica, 1500-1700 _9215 |
| 650 | 1 | 4 |
_aLiteratura española _yÉpoca clásica, 1500-1700 _9216 |
| 650 | 1 | 4 |
_aNovela española _ySiglo XVII _9217 |
| 650 | 1 | 4 |
_aDon Quijote (Personaje ficticio) _eNovela _9218 |
| 700 | 1 |
_aJarvis, Charles _d?-1739 _eTraductor _98690 |
|
| 700 | 1 |
_aJohannot, Tony _d1803-1852 _eIlustrador _98691 |
|
| 740 | 0 | _aEl Ingenioso Hidalgo Don Quijote de la Mancha | |
| 902 | _aQFM | ||
| 942 |
_2lcc _cB |
||
| 999 |
_c3007 _d3007 |
||